[Event "RUS-chT Premier 2019"]
[Site "Sochi"]
[Date "2019.05.03"]
[Round "3.22"]
[White "Oparin, Grigoriy"]
[Black "Faizrakhmanov, Ramil"]
[Result "1-0"]
[WhiteElo "2624"]
[BlackElo "2438"]
[Annotator "TA"]
[PlyCount "117"]
[EventDate "2019.05.01"]
[EventType "team-tourn"]
[EventCountry "RUS"]
[SourceTitle "playchess.com"]
[Source "ChessBase"]
[SourceQuality "1"]

{[%evp 13,117,15,22,12,13,18,13,16,10,12,20,21,16,20,24,26,7,9,20,0,0,-14,0,0,30,17,59,-19,0,0,0,-25,11,-2,24,18,21,13,24,-15,-10,-4,-4,-13,0,-5,-11,-10,0,0,0,0,0,-11,98,96,102,91,91,91,105,110,114,117,135,60,98,9,529,489,391,125,125,133,125,125,125,125,125,125,125,125,118,118,111,113,87,87,191,191,487,559,1116,1109,1109,1025,441,433,6070,6045,5608,5085,1774,1592,1467,1467]} 1. Nf3 Nf6 2. c4 e6 3. g3 d5 4. Bg2 dxc4 5. Qa4+ c6 6. Qxc4 b5 7. Qc2 Bb7 8. a4 {A13: English Opening: 1...e6} a6 9. Nc3 Nbd7 10. O-O {The position is equal.} Be7 11. d3 O-O 12. e4 (12. Rd1 Rc8 13. h3 Qb6 14. e4 c5 15. Be3 Rfd8 16. Rac1 h6 17. axb5 axb5 {1-0 (73) Duda,J (2737)-Karjakin,S (2773) chess.com INT 2018}) 12... Qb6 13. Be3 c5 14. h3 Rac8 15. Rfc1 Bc6 $146 ({Predecessor:} 15... Rfd8 16. axb5 axb5 {1-0 (63) Kovalyov,A (2605)-Gerzhoy,L (2448) Montreal 2012}) 16. Nd2 Qb8 17. axb5 axb5 18. Nb3 h6 19. Qe2 Rfd8 20. Na5 (20. d4 $1 $14) 20... Ba8 21. Rd1 Nf8 22. f4 Rd7 23. Bf2 Ra7 24. Nb3 Rxa1 25. Rxa1 N6d7 26. Bf3 c4 27. dxc4 bxc4 28. Na5 Nb6 29. Bxb6 Qxb6+ 30. Kg2 Bb7 31. Nxb7 Qxb7 32. e5 Qb6 33. Ra4 Qb3 (33... g5 $11 {remains equal.} 34. Qf2 Bc5) 34. Ra7 $1 $16 {[%cal Ra7e7]} Bc5 35. Rb7 Bb6 36. h4 $1 Qb4 37. Ne4 Rc7 38. Rb8 Qa5 39. Bh5 (39. Kh3 $16 {Threatens to win with Qd1.} Ba7 40. Ra8) 39... Bc5 40. Nf6+ ({White should play} 40. Qxc4 $16 Ba7 41. Qb4 Qxb4 42. Rxb4) 40... gxf6 $2 {[%mdl 8192]} (40... Kh8 $1 $11 41. Ne4 Qa7) 41. exf6 $18 {White threatens Qg4+ and mate.} Kh7 {...Qa1 is the strong threat.} (41... Kh8 42. Qg4 Qd2+ 43. Kh3 Qh2+ 44. Kxh2 Bg1+ 45. Kxg1 Kh7 46. Qg7#) 42. Qg4 $2 (42. Bf3 $1 $18 {[%cal Rf3e4]} Ng6 43. Be4) 42... Qd2+ 43. Kh3 {[%csl Gf6][%cal Rg4g7]} Ng6 44. Bxg6+ $1 fxg6 45. Qxe6 $40 {[%csl Gb8][%cal Re6g8][%mdl 128] White wants a kill.} Qd7 46. f5 $1 {[%csl Gb8][%cal Re6g8]} Qxe6 (46... Qf7 $2 47. Rc8 $18) 47. fxe6 Be7 48. fxe7 Rxe7 $16 {[%mdl 4096] Endgame KR-KR} 49. Rb6 Kg7 50. Kg4 Rc7 (50... Kf6 $16) 51. Kf4 $18 c3 $2 (51... h5 52. Ke5 c3 53. bxc3 Rxc3 54. Rb7+ Kf8) 52. bxc3 {White is clearly winning.} Rxc3 53. e7 $1 {[%cal Re7e8]} g5+ 54. Kf5 Kf7 {[#]} 55. Re6 $1 Rc5+ (55... Ke8 $142 56. hxg5 (56. Rxh6 gxh4 57. gxh4 Kxe7 $11) 56... hxg5) 56. Kg4 Ke8 {[#]} 57. h5 $1 Rc3 58. Rxh6 Kxe7 59. Rg6 {Accuracy: White = 55%, Black = 44%.} 1-0

[Event "RUS-chT Premier 2019"]
[Site "Sochi"]
[Date "2019.05.03"]
[Round "3.23"]
[White "Makhmutov, Rail"]
[Black "Predke, Alexandr"]
[Result "1/2-1/2"]
[WhiteElo "2390"]
[BlackElo "2626"]
[Annotator "TA"]
[PlyCount "115"]
[EventDate "2019.05.01"]
[EventType "team-tourn"]
[EventCountry "RUS"]
[SourceTitle "playchess.com"]
[Source "ChessBase"]
[SourceQuality "1"]

{[%evp 13,115,-14,-6,-18,12,21,43,37,45,40,58,59,50,1,5,0,56,47,43,0,15,9,0,0,0,0,0,-8,6,-2,0,-19,-22,-68,-64,-81,-69,-100,-69,-62,-79,-68,-66,-77,-98,-83,-21,-94,-94,-94,-94,-94,-94,-94,-94,-94,-28,-87,-81,-82,-82,-94,-94,-94,-94,-94,-94,-94,-94,-94,0,-94,-80,-94,-94,-94,-88,-94,-94,-94,-94,-102,-95,-101,-87,-95,-87,-102,-95,-102,-88,-102,-42,-70,-40,-70,0,0,0,0,0,0,0,0]} 1. d4 Nf6 2. c4 e6 3. Nc3 Bb4 4. g3 d5 5. Bg2 O-O 6. Nf3 dxc4 7. O-O Nc6 8. Qa4 {E20: Nimzo-Indian: 4 g3 and 4 f3} Bd7 9. Bg5 a5 10. Bxf6 {White is slightly better.} Qxf6 11. Qb5 e5 12. dxe5 Qe6 13. Ng5 $146 ({Not} 13. Qxb7 $2 Rfb8 $19) ({Predecessor:} 13. Rfd1 Rfd8 14. Ng5 Qe7 15. e6 fxe6 {1-0 (61) Grandelius,N (2678)-Volokitin,A (2634) Germany 2018}) 13... Qe7 $1 {[%cal Re7g5]} 14. Nf3 Bxc3 (14... Qe6 $11) 15. bxc3 $14 Bc8 16. Qxc4 Nxe5 17. Nxe5 Qxe5 18. Rfb1 c6 19. Bf3 Rd8 20. Qb3 Qc5 21. a4 Rb8 22. Rb2 Be6 $36 {[%mdl 2048] Black is more active.} 23. Qb6 Qxc3 24. Rab1 g6 25. Qc7 Rdc8 26. Qf4 {[#]} b5 $1 {[%cal Rb5b4][%mdl 512]} 27. axb5 cxb5 28. Rxb5 Rxb5 29. Rxb5 {[#]} a4 $1 {[%mdl 512]} 30. Qxa4 (30. Bd5 $11 {remains equal.}) 30... Bd7 $17 {[%mdl 64] Skewer} 31. Qb4 Qa1+ 32. Kg2 Bxb5 33. Qxb5 {[%mdl 4096] Endgame KQR-KQB} Rc1 34. h4 h5 (34... Rh1 $6 35. Qe8+ Kg7 36. Bd5 $11) (34... Kg7 $17 35. Qe8 h5) 35. Bd5 ({Much worse is} 35. Qe8+ Kg7 $17) (35. Bxh5 $1 $11 Qc3 36. Qb8+ Qc8 37. Qxc8+ Rxc8 38. Bf3) 35... Qf6 36. Qb8+ Kg7 37. Qb7 Rc2 38. Bf3 Qe5 39. Qd7 Rc7 40. Qa4 Rc1 41. Qd7 Rc7 (41... Rc2 $17 42. Bd5 Qf6) 42. Qd8 (42. Qa4 $1 $11) 42... Qc3 43. Qb8 Rd7 44. Qb1 Ra7 45. Qb6 Ra1 46. Kh2 Rd1 47. Bg2 Qd2 48. Bf3 Rc1 49. Kh3 Rf1 50. Bg2 Rg1 ({Don't play} 50... Qxe2 $6 51. Qd4+ Kh7 52. Bxf1 $11) 51. f4 Rd1 52. Bf3 Rc1 ({Black should try} 52... Qd7+ $17 53. Kg2 Qd4) 53. Qa7 Rf1 54. Qc5 Qe1 (54... Qd7+ $15 55. f5 Rd1) 55. Qe5+ $11 {The position is equal.} Kh7 56. Qd5 Kg8 {Hoping for ...Rg1.} 57. Qd8+ Kg7 {( -> ...Rh1+!)} (57... Kh7 $5 58. Qd5 $8 Kh8 $11) 58. Qd4+ {Accuracy: White = 44%, Black = 40%.} 1/2-1/2

[Event "RUS-chT Premier 2019"]
[Site "Sochi"]
[Date "2019.05.03"]
[Round "3.24"]
[White "Khismatullin, Denis"]
[Black "Toropov, Pavel"]
[Result "1-0"]
[WhiteElo "2619"]
[BlackElo "2327"]
[Annotator "TA"]
[PlyCount "57"]
[EventDate "2019.05.01"]
[EventType "team-tourn"]
[EventCountry "RUS"]
[SourceTitle "playchess.com"]
[Source "ChessBase"]
[SourceQuality "1"]

{[%evp 12,57,15,11,21,16,18,10,7,19,48,41,60,15,36,19,57,53,50,-4,-2,-9,41,47,56,52,89,110,114,106,223,218,244,226,578,622,613,624,618,618,656,657,656,651,694,585,724,707]} 1. c4 c6 2. Nf3 d5 3. g3 Nf6 4. Bg2 Bg4 5. Ne5 Bf5 6. cxd5 cxd5 7. Nc3 Nc6 {A11: English Opening: 1...c6} 8. Nxc6 bxc6 9. d3 e5 {The position is equal.} 10. O-O Qd7 11. e4 $146 ({Predecessor:} 11. Qa4 Be6 12. Bg5 Be7 13. e4 Rb8 14. Qc2 O-O 15. Na4 {½-½ (41) Maletin,P (2596)-Stukopin,A (2502) Tyumen 2012}) 11... Be6 12. Qc2 Rc8 13. b3 Bc5 14. Na4 $1 {[%cal Ra4c5]} Bd4 15. Ba3 (15. Nc5 $1 $14 Qd6 16. Nxe6 $1 {[%mdl 512]} fxe6 17. Bb2) 15... dxe4 $11 16. dxe4 Bxa1 (16... c5 $5) 17. Rxa1 c5 18. Bxc5 Qc7 19. Qd2 {[%mdl 1024] White has strong compensation.} Nd7 20. Ba3 {Black must now prevent Bf1.} Nb6 {[#]} (20... Qd8 $16) 21. Nc5 $1 $18 Qd8 22. Qe2 {Nb7 is the strong threat.} Qe7 $2 (22... O-O 23. Nxe6 fxe6) 23. Qb5+ {White is clearly winning.} Nd7 {[%cal Rc8c5] With the idea ...Rxc5.} 24. Nxe6 Qxe6 25. Rd1 Qc6 26. Qb4 {[%csl Ga3][%cal Rb4e7]} Qc5 27. Bh3 O-O 28. Bxd7 Qc2 29. Rc1 {Accuracy: White = 72%, Black = 31%.} 1-0

[Event "RUS-chT Premier 2019"]
[Site "Sochi"]
[Date "2019.05.03"]
[Round "3.25"]
[White "Bocharov, Ivan"]
[Black "Sjugirov, Sanan"]
[Result "0-1"]
[WhiteElo "2568"]
[BlackElo "2661"]
[Annotator "TA"]
[PlyCount "82"]
[EventDate "2019.05.01"]
[EventType "team-tourn"]
[EventCountry "RUS"]
[SourceTitle "playchess.com"]
[Source "ChessBase"]
[SourceQuality "1"]

{[%evp 15,82,27,25,20,33,27,20,18,27,28,26,26,22,22,27,14,6,0,0,14,15,9,26,12,24,0,0,0,0,-12,-22,0,-7,-3,-2,-14,-7,-27,-12,-8,-12,-86,-93,-91,-73,-78,-89,-112,-90,-100,-100,-94,-100,-978,-969,-956,-930,-883,-868,-860,-845,-29961,-29956,-29987,-29988,-29988,-29989,-29995,-29996]} 1. e4 c5 2. Nf3 d6 3. d4 cxd4 4. Nxd4 Nf6 5. Nc3 a6 6. f3 e5 7. Nb3 Be6 8. Be3 h5 9. Nd5 {B90: Sicilian Najdorf: Unusual White 6th moves, 6 Be3 Ng4 and 6 Be3 e5} Bxd5 10. exd5 Nbd7 11. Qd2 {The position is equal.} g6 12. Be2 (12. O-O-O Bg7 13. Kb1 Qc7 14. Be2 a5 15. a4 O-O 16. g4 Rfc8 17. Bb5 hxg4 18. fxg4 Nxg4 {0-1 (75) Robson,R (2667)-Saric,I (2690) chess.com INT 2019}) 12... Bg7 13. O-O b6 14. Rac1 $146 ({Predecessor:} 14. c4 O-O {½-½ (32) Gritsaenko,V (2474)-Keuter,K (2494) ICCF email 2014}) 14... O-O 15. c4 Re8 16. h3 a5 17. Na1 Kh7 18. Nc2 Ng8 19. Na3 Bh6 20. f4 f5 21. Nb5 Nc5 22. Bd3 Nf6 23. fxe5 Bxe3+ 24. Qxe3 {aiming for e6.} Rxe5 25. Qd2 Nfe4 26. Bxe4 $1 Nxe4 27. Qe3 Nc5 $36 {[%mdl 2048] Black is more active.} 28. Qa3 (28. Qc3 $11 {remains equal.}) 28... Qe7 $17 29. Nd4 {Black should prevent Nc6.} Re4 30. Nf3 Re8 31. h4 Kg7 32. b4 axb4 33. Qxb4 Re2 {Hoping for ...Qe3+.} 34. Qxb6 $2 {[%mdl 8192] [#]} (34. Qc3+ $17 Qf6 35. Qxf6+ Kxf6 36. Rb1) 34... Qe3+ $1 $19 35. Kh1 {[#]} Qf4 $1 36. Qc7+ R8e7 37. Qd8 Qg3 {[%csl Ge2][%cal Rg3g2]} 38. Rg1 Nd3 {[%cal Rd3f2] Black mates.} 39. Rcf1 R2e4 40. Nh2 Kf7 41. Rf3 {[#]} Rxh4 $1 {[%mdl 512] Accuracy: White = 49%, Black = 91%.} 0-1

[Event "RUS-chT Premier 2019"]
[Site "Sochi"]
[Date "2019.05.03"]
[Round "3.26"]
[White "Alekseev, Evgeny"]
[Black "Khanin, Semen"]
[Result "0-1"]
[WhiteElo "2647"]
[BlackElo "2524"]
[Annotator "TA"]
[PlyCount "80"]
[EventDate "2019.05.01"]
[EventType "team-tourn"]
[EventCountry "RUS"]
[SourceTitle "playchess.com"]
[Source "ChessBase"]
[SourceQuality "1"]

{[%evp 12,80,11,2,21,20,16,6,7,7,10,4,5,0,29,-29,-23,-18,-15,-24,-33,-16,-29,-32,-33,-35,-17,-30,-30,-30,-30,-30,-40,-30,-31,-30,-31,-37,-17,-35,-29,-41,-46,-44,-39,-107,-97,-87,-70,-74,-79,-70,-43,-60,-41,-51,-32,-105,-105,-383,-339,-337,-357,-568,-633,-795,-836,-1256,-1230,-2199,-1382]} 1. e4 e5 2. Nf3 Nc6 3. Bb5 a6 4. Ba4 Nf6 5. d3 Bc5 6. c3 d6 7. O-O Ba7 {C78: Ruy Lopez: Archangelsk and Möller Defences} 8. Re1 O-O 9. h3 Ne7 {The position is equal.} 10. Nbd2 Ng6 11. Nf1 d5 12. Bg5 h6 13. Bd2 $146 ({White should try} 13. Bxf6 Qxf6 14. exd5) ({Predecessor:} 13. Bxf6 Qxf6 14. exd5 Nf4 15. Ng3 {½-½ (140) Vallejo Pons,F (2705)-Eljanov,P (2707) Palma de Mallorca 2017}) 13... dxe4 $11 14. dxe4 Nh5 15. Be3 Qf6 16. Bxa7 Rxa7 17. Ne3 c6 $1 18. Nf5 b5 19. Bc2 Rd8 20. Qe2 Nhf4 21. Qf1 $1 Be6 {Threatens to win with ...Bc4.} 22. b3 Ne7 23. g3 Nfg6 $36 {[%cal Re7f5][%mdl 2048] Black is pushing.} 24. Nxe7+ Rxe7 25. Re3 Red7 26. Kh2 c5 27. Rd1 c4 28. b4 (28. Rxd7 $15 Rxd7 29. Kg2) 28... Rxd1 29. Bxd1 Qe7 30. Bc2 {[#]} a5 $1 {[%mdl 512]} 31. a3 (31. bxa5 Qa3) 31... axb4 32. axb4 Qf6 33. Kg2 h5 34. Qa1 (34. h4 $1 $15) 34... h4 $17 35. Qa5 $2 {[%mdl 8192] [#]} (35. Qe1 $17) 35... hxg3 $1 $19 36. fxg3 {[#]} Nf8 $1 37. Qxb5 {[#]} (37. Re1 $142 Rd7 38. Bd1) 37... Bxh3+ $1 {[%mdl 512] Black is clearly winning.} 38. Kg1 (38. Kxh3 Qh6+) 38... Qh6 39. Qc5 Rc8 40. Qa7 Rc7 {Accuracy: White = 52%, Black = 76%.} 0-1

[Event "RUS-chT Premier 2019"]
[Site "Sochi"]
[Date "2019.05.03"]
[Round "3.27"]
[White "Tsydypov, Zhamsaran"]
[Black "Rakhmanov, Aleksandr"]
[Result "1-0"]
[WhiteElo "2546"]
[BlackElo "2629"]
[Annotator "TA"]
[PlyCount "117"]
[EventDate "2019.05.01"]
[EventType "team-tourn"]
[EventCountry "RUS"]
[SourceTitle "playchess.com"]
[Source "ChessBase"]
[SourceQuality "1"]

{[%evp 17,117,18,22,25,29,25,30,16,32,8,22,14,40,32,16,14,8,12,14,10,56,68,103,104,106,97,96,54,71,17,20,0,0,-2,0,0,0,0,0,0,0,0,0,0,22,3,27,26,63,66,73,65,81,82,84,77,75,77,104,69,85,77,254,254,418,437,493,493,458,450,821,767,743,708,1046,1001,1116,1161,6091,5206,29963,29964,29964,29965,29965,29966,29968,29957,29971,29966,29971,29972,29974,29975,29975,29976,29976,29976,29975,29975,29961,29944]} 1. e4 e5 2. Nf3 Nf6 3. Nxe5 d6 4. Nf3 Nxe4 5. d4 d5 6. Bd3 Bf5 7. O-O Be7 8. Re1 O-O 9. c4 Nc6 10. cxd5 {C42: Petroff Defence: 3 Nxe5 and unusual White 3rd moves} Qxd5 11. Nc3 Nxc3 12. bxc3 {White has an edge.} Rae8 13. h3 {[#]} h6 $146 ({Predecessor:} 13... Bxd3 14. Qxd3 Bd6 15. Rxe8 Rxe8 16. c4 Qe4 17. Qxe4 Rxe4 {½-½ (37) Ivanchuk,V (2729)-Yu,Y (2753) Danzhou 2017}) 14. Bf4 Bd8 15. Be2 Be4 16. Bg3 Qa5 17. Qb3 Bd5 18. Bc4 Bxc4 19. Qxc4 Qa3 20. d5 $1 {And now Rxe8 would win.} Na5 {[%cal Bc6a5,Ba5c4,Bc4b2][%mdl 32]} 21. Qg4 Qc5 22. Be5 {[%csl Ge5][%cal Rg4g7]} g6 23. Qf4 (23. Qd7 $16) 23... g5 $1 $11 {[%cal Rg5f4]} 24. Qa4 {aiming for Bd4.} Nc4 25. Rad1 Nb2 26. Qd4 Qxd4 27. Rxd4 f6 28. Bh2 $36 {[%mdl 2048] Black is under pressure.} Rxe1+ 29. Nxe1 Re8 {[%cal Re8e1]} 30. Kf1 b5 31. g4 Kf7 32. Nc2 Na4 33. c4 bxc4 34. Rxc4 Nb6 {[%mdl 64] [#] Double Attack} 35. Rc5 $1 Be7 36. Rxc7 {d6 is the strong threat.} Nxd5 37. Rxa7 Kg6 38. Rd7 Nb6 39. Rb7 Nd5 $2 {[#]} (39... Bc5 $16 {might work better.}) 40. Nd4 $1 $18 {[%cal Rd4f5]} Bc5 $2 (40... Ba3 {was worth a try.} 41. Nf5 Ne7) 41. Nf5 {[%csl Gf5][%cal Rb7g7]} Ne7 42. Nxe7+ Bxe7 43. Rb8 Rxb8 (43... Kf7 $142 44. Rxe8 Kxe8) 44. Bxb8 {[%mdl 4096] Endgame KB-KB} Ba3 45. Ke2 h5 46. f3 f5 47. Be5 hxg4 48. hxg4 fxg4 49. fxg4 {White mates.} Kf7 50. Kd3 Ke6 51. Ke4 Be7 52. Bd4 Bd8 53. Be3 Bf6 54. a4 Bd8 55. Bd2 Kd6 56. Kf5 Kd5 57. Bxg5 Ba5 58. Bf4 Bd8 59. Be5 {Accuracy: White = 73%, Black = 39%.} ({Stronger than} 59. g5 Bxg5 60. Be5 (60. Bxg5 Kc6 $11) 60... Bd2 $11) 1-0

[Event "RUS-chT Premier 2019"]
[Site "Sochi"]
[Date "2019.05.03"]
[Round "3.28"]
[White "Kokarev, Dmitry"]
[Black "Bocharov, Dmitry"]
[Result "1-0"]
[WhiteElo "2605"]
[BlackElo "2530"]
[Annotator "TA"]
[PlyCount "67"]
[EventDate "2019.05.01"]
[EventType "team-tourn"]
[EventCountry "RUS"]
[SourceTitle "playchess.com"]
[Source "ChessBase"]
[SourceQuality "1"]

{[%evp 13,67,9,27,0,37,34,37,41,33,0,0,0,0,0,0,0,0,0,0,3,19,0,15,0,0,0,0,0,0,0,0,0,0,0,0,0,0,-26,-6,-8,-11,-14,-49,-37,-51,-43,0,0,0,0,0,0,1154,1137,1107,1082]} 1. e4 c5 2. Nf3 d6 3. d4 cxd4 4. Nxd4 Nf6 5. Nc3 a6 6. h3 e5 7. Nde2 b5 8. Ng3 {B90: Sicilian Najdorf: Unusual White 6th moves, 6 Be3 Ng4 and 6 Be3 e5} Nc6 (8... Nbd7 9. Bg5 h6 10. Be3 Bb7 11. Bd3 h5 12. Bg5 g6 13. O-O Be7 14. a3 h4 15. Nge2 Nc5 16. Bxf6 Bxf6 {1-0 (48) Dominguez Perez,L (2739)-Vachier Lagrave,M (2779) chess.com INT 2018}) 9. Bg5 Be7 $1 10. a4 {White is slightly better.} b4 11. Bxf6 Bxf6 12. Nd5 O-O 13. Bc4 {[#]} g6 $146 ({Predecessor:} 13... Bg5 14. O-O g6 15. Qd3 Kh8 {0-1 (71) Chen,Q (2437)-Bocharov,D (2533) St Petersburg 2018}) 14. Nxf6+ Qxf6 15. O-O a5 16. c3 Bb7 17. Bd5 Rab8 18. Qd3 Rfc8 19. Rfd1 bxc3 20. bxc3 Nd8 {[%cal Bc6d8,Bd8b7,Bb7c5][%mdl 32]} 21. Rab1 Bxd5 22. exd5 Nb7 23. Ne4 Qd8 24. Qd2 Rc4 25. Qe3 Nc5 26. Rxb8 Qxb8 27. Nf6+ Kg7 28. Ng4 $1 {Threatens to win with Qh6+.} Nd7 29. Qh6+ $1 Kg8 30. Qh4 $1 Kg7 31. Qe7 Qc7 {White must now prevent ...h5.} 32. Rd3 $1 {[%cal Rd3f3] aiming for Rf3.} h5 $2 {[%mdl 8192]} ({Don't go for} 32... Rxa4 $2 {[#]} 33. Nf6 $1 $18 {[%mdl 512]}) (32... Rxc3 $11 33. Rxc3 Qxc3 34. Qxd7 Qe1+ 35. Kh2 h5) 33. Rf3 $18 Rf4 {[#]} 34. Nf6 $1 {[%mdl 512] Accuracy: White = 74%, Black = 68%.} 1-0

[Event "RUS-chT Premier 2019"]
[Site "Sochi"]
[Date "2019.05.03"]
[Round "3.29"]
[White "Kezin, Roman"]
[Black "Romanov, Evgeny"]
[Result "0-1"]
[WhiteElo "2468"]
[BlackElo "2573"]
[Annotator "TA"]
[PlyCount "133"]
[EventDate "2019.05.01"]
[EventType "team-tourn"]
[EventCountry "RUS"]
[SourceTitle "playchess.com"]
[Source "ChessBase"]
[SourceQuality "1"]

{[%evp 17,133,43,41,40,42,45,45,56,59,45,54,29,88,47,114,66,68,38,39,36,86,55,63,71,56,56,54,44,70,43,68,46,53,29,26,26,59,9,10,12,18,13,19,16,16,6,7,-13,0,0,0,-31,-35,-31,-16,-74,-14,-85,-83,-70,-92,-64,-89,-86,-85,-85,-92,-81,-84,-140,-137,-244,-244,-275,-274,-264,0,0,0,0,0,0,0,0,0,0,-3,-3,-3,-3,-3,-10005,-6554,-29960,-29962,-29964,-29965,-29965,-29964,-29965,-29964,-29966,-29965,-29965,-29966,-29966,-29968,-29967,-29968,-29970,-29971,-29969,-29971,-29975,-29971,-29970,-29972,-29979]} 1. d4 Nf6 ({Predecessor:} 1... d6 2. Nf3 Bg4 3. c4 Nd7 4. Nc3 Ngf6 5. g3 Bxf3 6. exf3 g6 7. Bg2 Bg7 8. O-O O-O 9. d5 Nb6 10. Qe2 c6 {½-½ (33) Evdokimov,A (2550)-Voinov,A (2417) Saratov 2006}) 2. c4 d6 3. Nf3 Bg4 4. g3 Bxf3 5. exf3 c6 6. d5 g6 7. Nc3 Bg7 8. Bg2 O-O 9. O-O Nbd7 10. f4 {E62: King's Indian: Fianchetto: 6...c6 and Panno Variation (6...Nc6) without ...a6} Nb6 $146 (10... Rc8 11. Re1 Nb6 12. Qe2 Re8 13. dxc6 bxc6 14. Be3 d5 15. c5 Nbd7 16. Bd4 Nh5 17. Bxg7 Nxg7 {0-1 (50) Demidov,M (2441)-Efimenko,Z (2695) Sochi 2012}) 11. Qe2 cxd5 12. cxd5 {White is slightly better.} Rc8 13. Be3 Nfd7 14. Rad1 Rc4 (14... Bxc3 $11 {remains equal.} 15. bxc3 Rxc3) 15. Rfe1 Re8 (15... Bxc3 $14 16. bxc3 Rxc3) 16. Nb5 a6 17. Nc3 Qc7 18. Bh3 Nc5 19. f5 Nca4 20. Nxa4 Nxa4 21. Rd2 {aiming for fxg6.} Rc1 22. Rxc1 Qxc1+ {[%mdl 64] Double Attack} 23. Kg2 $1 {Hoping for fxg6.} Qb1 24. fxg6 hxg6 25. Bg5 Nc5 26. b3 b5 27. f3 (27. Rc2 $5 {[%cal Rc2c5]}) 27... b4 28. Be3 ({Don't blunder} 28. Bxe7 $2 Bc3 $19) 28... Bc3 29. Rd1 Qb2 30. Qxb2 Bxb2 31. Kf2 a5 32. Ke2 Kg7 $36 {[%mdl 2048] Black has the initiative.} 33. Bf1 a4 34. bxa4 Nxa4 35. Kf2 Rc8 36. Bd3 (36. Ba6 $11 Ra8 37. Bc4) 36... Kf8 (36... Bf6 $17 {White must now prevent ...Nb2.} 37. Rd2 Nb2) 37. Rd2 (37. Re1 $11) 37... Bc1 $1 $17 {[%cal Rc1d2]} 38. Rc2 Bxe3+ 39. Kxe3 $15 {[%mdl 4096] Endgame KRB-KRN} Nc3 40. Kd2 Rc5 41. Rb2 Nxd5 42. Be4 e5 43. Bxd5 ({Better is} 43. Ke1) 43... Rxd5+ $17 {KR-KR} 44. Kc2 (44. Ke2 $17 {keeps fighting.}) 44... Rd4 $1 $19 45. Kb3 f5 46. Ka4 e4 $2 ({Black should try} 46... d5 $1 $19 {...Ke7 is the strong threat.} 47. Rxb4 Rd2) 47. fxe4 $11 fxe4 {Strongly threatening ...d5.} 48. Rxb4 Rd2 $1 {[%csl LRa2,LRh2] Threatens to win with ...d5.} 49. Rxe4 Rxa2+ 50. Kb5 Rxh2 51. Kc6 Kf7 52. Kxd6 Kf6 53. Kd5 Rg2 54. Re3 $2 {[%mdl 8192]} (54. Rf4+ $11 Kg5 55. Rf1) 54... Kf5 $19 55. Rf3+ {[#]} Kg4 $1 {[%mdl 512] Black mates.} 56. Rf6 g5 57. Ke4 Rxg3 58. Rf1 Rg2 59. Ke3 Kg3 60. Rf3+ Kh2 61. Rf8 g4 62. Rh8+ Kg3 63. Rh1 Ra2 64. Rg1+ {[#]} Kh3 $1 65. Kf4 Rf2+ 66. Ke3 g3 67. Kd4 {Accuracy: White = 49%, Black = 68%.} 0-1

[Event "RUS-chT Premier 2019"]
[Site "Sochi"]
[Date "2019.05.03"]
[Round "3.30"]
[White "Sychev, Klementy"]
[Black "Murzin, Volodar"]
[Result "1-0"]
[WhiteElo "2574"]
[BlackElo "2407"]
[Annotator "TA"]
[PlyCount "113"]
[EventDate "2019.05.01"]
[EventType "team-tourn"]
[EventCountry "RUS"]
[SourceTitle "playchess.com"]
[Source "ChessBase"]
[SourceQuality "1"]

{[%evp 11,113,42,102,95,98,97,152,148,139,70,125,110,105,80,122,106,110,113,128,127,131,120,148,133,154,143,144,130,142,140,143,141,149,145,139,125,166,117,189,128,127,127,219,202,206,202,209,202,204,191,187,159,169,161,162,158,149,104,119,119,119,119,119,112,107,61,160,168,175,168,163,173,241,235,248,245,236,211,504,670,660,650,620,547,818,779,566,474,1249,906,1165,641,1087,1019,1335,1088,29977,29978,29977,29978,29982,29979,29983,29984]} 1. d4 d5 2. c4 c6 3. Nf3 Nf6 4. Nc3 Bf5 5. cxd5 cxd5 6. Qb3 e6 (6... Bc8 $14) 7. Qxb7 $16 {D13: Slav Defence: Exchange variation without ...Bf5} Nbd7 8. Bf4 $1 Be7 ({Better is} 8... Qc8 9. Qxc8+ Rxc8) 9. e3 {White is clearly better.} O-O 10. Bb5 (10. Bc7 $16 Qc8 11. Ba6) 10... Qb6 $146 (10... a6 $14 11. Bxa6 Qb6 12. Qxb6 Nxb6) ({Predecessor:} 10... Bb4 11. O-O Bxc3 12. bxc3 Nb6 13. Nh4 {1-0 (21) Kropp,A-Braun,M (2175) Kiel 2000}) 11. Qxb6 Nxb6 12. O-O a6 13. Be2 Rfc8 14. Ne5 Ba3 15. bxa3 Rxc3 16. Rfc1 Na4 17. Nc6 Kh8 18. Nb8 Ne4 19. f3 Rxc1+ 20. Rxc1 {[%cal Rc1c8]} Nec3 21. Bf1 a5 22. h4 h5 23. Kh2 Bb1 24. Bg3 Bxa2 (24... Bf5 $16 25. Nd7 Ra7) 25. Nc6 ({White should play} 25. Nd7 $1 $18) 25... Bb3 26. Be1 Na2 (26... Nd1 $16 {might work better.}) 27. Rb1 $18 Bc4 28. Bxc4 (28. Bxa5 $6 Bxf1 29. Rxf1 N4c3 $14) 28... dxc4 {[#]} 29. Ra1 $1 {[%cal Ra1a2]} ({Stronger than} 29. Bxa5 c3 $11) 29... N2c3 30. Rc1 Nd5 31. e4 ({Not} 31. Nxa5 Nxe3 32. Bb4 {[#]} c3 $1 $15 {[%mdl 512]}) 31... Ndb6 32. Bxa5 Rc8 33. Ne5 Kg8 34. Bb4 c3 35. Kg3 f6 36. Nd3 Rc4 37. Nc5 Kf7 38. Nb3 c2 (38... Nc8 $14) 39. Na1 $16 Rxd4 40. Rxc2 ({Worse is} 40. Nxc2 Rc4 $11) 40... Rc4 41. Kf2 e5 (41... Rxc2+ $142 42. Nxc2 g6) 42. Ke2 Ke6 43. Rxc4 Nxc4 $18 {[%mdl 4096] Endgame KBN-KNN} 44. Nb3 f5 $2 (44... Kd7 {was necessary.} 45. Kd3 Ncb2+ 46. Kc2 Nc4) 45. Nc5+ Nxc5 46. Bxc5 fxe4 47. fxe4 {KB-KN} Nb2 48. Kd2 Kd7 49. Kc2 Nc4 (49... Na4 $142) 50. Kc3 Na5 51. Kb4 Nc6+ 52. Kc4 Ke6 53. a4 {[%cal Ba3a4,Ba4a5,Ba5a6,Ba6a7][%mdl 32]} g6 54. Kb5 {White mates.} Kd7 55. a5 Nd8 56. a6 Ne6 57. a7 {Accuracy: White = 79%, Black = 53%.} 1-0